| 000 | 01303nam a2200337 a 4500 | ||
|---|---|---|---|
| 001 | ebr10225465 | ||
| 003 | CaPaEBR | ||
| 006 | m u | ||
| 007 | cr cn||||||||| | ||
| 008 | 070521s2007 caua sb 000 0 eng | ||
| 010 | _z 2007021204 | ||
| 020 | _z0833040081 (pbk.) | ||
| 020 | _z9780833040084 (pbk.) | ||
| 040 |
_aCaPaEBR _cCaPaEBR |
||
| 035 | _a(OCoLC)184843040 | ||
| 043 | _af-lb--- | ||
| 050 | 1 | 4 |
_aUA866 _b.M35 2007eb |
| 082 | 0 | 4 |
_a355/.03356662 _222 |
| 245 | 0 | 0 |
_aMaking Liberia safe _h[electronic resource] : _btransformation of the national security sector / _cDavid C. Gompert ... [et al]. |
| 260 |
_aSanta Monica, CA : _bRand, _cc2007. |
||
| 300 |
_axxviii, 88 p. : _bill. (some col.). |
||
| 504 | _aIncludes bibliographical references. | ||
| 533 |
_aElectronic reproduction. _bPalo Alto, Calif. : _cebrary, _d2013. _nAvailable via World Wide Web. _nAccess may be limited to ebrary affiliated libraries. |
||
| 650 | 0 |
_aNational security _zLiberia. |
|
| 651 | 0 |
_aLiberia _xArmed Forces _xOrganization. |
|
| 651 | 0 |
_aLiberia _xDefenses. |
|
| 655 | 7 |
_aElectronic books. _2local |
|
| 700 | 1 | _aGompert, David C. | |
| 710 | 2 | _aebrary, Inc. | |
| 856 | 4 | 0 |
_uhttp://site.ebrary.com/lib/rucke/Doc?id=10225465 _zAn electronic book accessible through the World Wide Web; click to view |
| 999 |
_c40784 _d40784 |
||